Let the whole world know: (Record no. 10189)

000 -LEADER
fixed length control field 00676nam a2200205 a 4500
001 - CONTROL NUMBER
control field :::00007974$&:&@@
003 - CONTROL NUMBER IDENTIFIER
control field OkBaRHE
005 - DATE AND TIME OF LATEST TRANSACTION
control field 20000607103340.0
008 - FIXED-LENGTH DATA ELEMENTS--GENERAL INFORMATION
fixed length control field s1988 j 000 0 eng u
040 ## - CATALOGING SOURCE
Transcribing agency
100 1# - MAIN ENTRY--PERSONAL NAME
Personal name DeRidder, Richard R.
245 10 - TITLE STATEMENT
Title Let the whole world know:
Remainder of title resources for preaching on missions.
260 ## - PUBLICATION, DISTRIBUTION, ETC. (IMPRINT)
Place of publication, distribution, etc Grand Rapids, MI., :
Name of publisher, distributor, etc Baker Book House
Date of publication, distribution, etc c1988
300 ## - PHYSICAL DESCRIPTION
Extent 203 p. ;
Dimensions 19 cm.
650 ## - SUBJECT ADDED ENTRY--TOPICAL TERM
Topical term or geographic name as entry element Missions
General subdivision Sermons
650 ## - SUBJECT ADDED ENTRY--TOPICAL TERM
Topical term or geographic name as entry element Preaching
General subdivision Sermon Preparation
700 ## - ADDED ENTRY--PERSONAL NAME
Personal name Greenway, Roger S., Joint author.
942 ## - ADDED ENTRY ELEMENTS (KOHA)
Source of classification or shelving scheme
Koha item type Books
Copies
Not for loan Source of classification or shelving scheme Permanent Location Full call number Lost status Copy number Date last seen Barcode Price effective from Damaged status Withdrawn status Date acquired Shelving location Koha item type
  RHEMA Bible Training CollegeBV 2075 .D38 12010-04-1479742010-04-14  2010-04-14General StacksBooks